Váhavý postup, pokles autority Úvodné slovo predsedu SÚV SZM Juraja Janošovského na 8. zasadnutí SÚV SZM

Bibliographic Details
Format: Article
Language:Slovak
Subjects:

MARC

LEADER 00000nab a2200000 a 4500
001 vtls000365832
003 SK-MaSNL
005 20260305005721.0
008 111202c1989 xo 0 slo
015 |a SNBRB19rr/mm-uuuuu 
035 |a CL0365954 
040 |a SNKBUCL  |b slo  |c SNKBUCL  |e AACR2 
041 0 |a slo 
044 |a xo  |c SK 
080 |a 329.78(437)SZM  |2 1981 
080 |a 323(437)  |2 1981 
245 0 0 |a Váhavý postup, pokles autority  |b Úvodné slovo predsedu SÚV SZM Juraja Janošovského na 8. zasadnutí SÚV SZM 
610 2 7 |a Socialistický zväz mládeže  |2 snkbucl  |9 51618 
651 7 |a 5100  |2 snkbucl  |9 166206 
655 7 |a články z novín a časopisov  |2 snkbucl  |9 267496 
773 0 |t Smena  |g Roč. 42, č. 281 (29. 11. 1989), s. 4 
850 |a Slovenská národná knižnica v Martine  |a MTA001 
852 |a SNK  |b KIS3GCP 
958 |a RK 
992 |a RBX 
999 |c 3242115  |d 3244045